Guess the Fusion Rock Song Lyrics #80 - Statistics

General Stats
  • This quiz has been taken 19 times
  • The average score is 334 of 500
Answer Stats
Answer % Correct
A
100%
a
100%
I
100%
the
100%
and
92%
And
92%
night
92%
So
92%
we
92%
We
92%
be
85%
day
85%
in
85%
In
85%
me
85%
of
85%
on
85%
On
85%
You
85%
you
85%
your
85%
can
77%
Don't
77%
if
77%
is
77%
It's
77%
Just
77%
just
77%
know
77%
right
77%
that
77%
to
77%
all
69%
come
69%
lovin
69%
see
69%
Then
69%
up
69%
we'll
69%
We'll
69%
Every
62%
eyes
62%
gimme
62%
Gimme
62%
You'll
62%
coming
54%
dance
54%
feel
54%
fly
54%
George Benson
54%
has
54%
Im
54%
Look
54%
look
54%
lots
54%
music
54%
there's
54%
through
54%
us
54%
air
46%
Cause
46%
cause
46%
everywhere
46%
Feelin
46%
light
46%
need
46%
Never
46%
out
46%
tonight
46%
world
46%
Alright
38%
city
38%
dark
38%
evening
38%
lights
38%
people
38%
ride
38%
try
38%
fallen
31%
free
31%
groove
31%
high
31%
little
31%
lovers
31%
morning
31%
paradise
31%
party
31%
rhythm
31%
starlight
31%
together
31%
Until
31%
until
31%
action
23%
blues
23%
chain
23%
dancing
23%
glass
23%
late
23%
lead
23%
mind
23%
others
23%
place
23%
reaction
23%
romance
23%
spirit
23%
stars
23%
starts
23%
stay
23%
street
23%
taking
23%
Whenever
23%
wine
23%
alive
15%
dawning
15%
dine
15%
hit
15%
reach
15%
throw
15%
weather
15%
No matching quizzes found
Score Distribution
Percent of People with Each Score
Percentile by Number Answered
Your Score History
You have not taken this quiz